مكتبة جامعة عجلون الوطنية

فهرس بحث المكتبة

Normal view MARC view
  • ادارة الاعمال-اتخاذ القرارات

Entry Topical Term

Number of records used in: 1

001 - CONTROL NUMBER

  • control field: 64012

003 - CONTROL NUMBER IDENTIFIER

  • control field: JO-AjAnu

005 - DATE AND TIME OF LATEST TRANSACTION

  • control field: 20230606084439.0

008 - FIXED-LENGTH DATA ELEMENTS

  • fixed length control field: 230606|| aca||aabn | a|a d

040 ## - CATALOGING SOURCE

  • Original cataloging agency: JO-AjAnu
  • Transcribing agency: JO-AjAnu

150 ## - HEADING--TOPICAL TERM

  • Topical term or geographic name entry element: ادارة الاعمال-اتخاذ القرارات

670 ## - SOURCE DATA FOUND

  • Source citation: Work cat.: (JO-AjAnu)32632: تاليف Richard Deaves، م.مشارك Ackert, Lucy F؛ ترجمة محمد داود عثمان, author 64011, المالية السلوكية: علم النفس - صناعة القرار - والاسواق